logo

Bir Sreshtho Munshi Abdur Rouf Library
Jhenaidah Cadet College

Political Theory : (Record no. 9109)

MARC details
000 -LEADER
fixed length control field 00587nam a2200229 a 4500
001 - CONTROL NUMBER
JCCL Control Number 9109
003 - CONTROL NUMBER IDENTIFIER
JCCL marc code BD-JhCC
005 - DATE AND TIME OF LATEST TRANSACTION
control field 20180524104208.0
008 - FIXED-LENGTH DATA ELEMENTS--GENERAL INFORMATION
fixed length control field 171024s2007 ind |||| ||a| 001 0 eng d
020 ## - INTERNATIONAL STANDARD BOOK NUMBER
International Standard Book Number 8721906644
035 ## - SYSTEM CONTROL NUMBER
system control number (BD-JhCC)9109
040 ## - CATALOGING SOURCE
Original cataloging agency BD-JhCC
Modifying agency BD-JhCC
041 ## - LANGUAGE CODE
Language code of Book eng
082 ## - DEWEY DECIMAL CLASSIFICATION NUMBER
Classification number 320
Author mark and Year AGA 2007
100 ## - MAIN ENTRY--PERSONAL NAME
Personal name Agarwal, R.C.
245 ## - TITLE STATEMENT
Title Political Theory :
Remainder of title Principles of political science /
Statement of responsibility, etc R.C.Agarwal
260 ## - PUBLICATION, DISTRIBUTION, ETC. (IMPRINT)
Place of publication, distribution, etc New Delhi :
Name of publisher, distributor, etc Ram Nagar,
Date of publication, distribution, etc 2007.
300 ## - PHYSICAL DESCRIPTION
Pagination 283 p. :
Dimensions 21 cm.
650 ## - SUBJECT ADDED ENTRY--TOPICAL TERM
Topical term or geographic name as entry element Political Science
942 ## - ADDED ENTRY ELEMENTS (KOHA)
Source of classification or shelving scheme Dewey Decimal Classification
Koha item type Books
Holdings
Source of classification or shelving scheme Damaged status Not for loan Home library Current library Shelving location Date of accession Total Checkouts Full call number Barcode Date last seen Date checked out Copy number Koha item type
Dewey Decimal Classification     JCC Rouf Library JCC Rouf Library General Stacks 06/04/2023 2 320 AGA 2007 11999 10/03/2024 10/01/2024 C - 1 Books

JCC Library | Contacts | JCC Home

Last Update on 23 September 2017
Copyright @ 2017-2020 JCC Rouf Library
Rouf Library, Jhenidah Cadet College (JCC), Bangladesh